| 000 | 01399nam2a2200373 4500 | ||
|---|---|---|---|
| 001 | RU\NLR\bibl\389160 | ||
| 005 | 20250622160025.0 | ||
| 010 |
_a5-8180-0106-7 _92100 |
||
| 021 |
_aRU _b2002-66271 _93212 |
||
| 035 | _a(NLR Aleph) 000383475 | ||
| 090 |
_a470412 _c470412 |
||
| 100 | _a20030402d2002 |||y0rusy50 ca | ||
| 101 | 0 | _arus | |
| 102 | _aRU | ||
| 105 | _ay ||||||||| | ||
| 200 | 0 | _a[Вып. 2] | |
| 210 |
_d2002 _aБ. м. |
||
| 215 | _a302,[1] с. | ||
| 461 | 0 |
_1001RU\NLR\bibl\402404 _12001#$aПравда Столыпина$v[Вып. 2] _9548584 _cСаратов _d2002 _fСост. и авт. предисл. Г. Сидоровнин] _nКульт. центр им. П.А. Столыпина _o[Альманах _tПравда Столыпина _v[Вып. 2] |
|
| 610 | 0 | _aГосударственные и политические деятели России | |
| 610 | 0 | _aРеформы в России -. История | |
| 610 | 0 | _aРоссия - История | |
| 675 |
_a[94(47+57)<18/19>(092) _v3 _zrus |
||
| 675 |
_a929Столыпин](059) _v3 _zrus |
||
| 686 |
_a03.19 _2rugasnti |
||
| 686 |
_a63.3(2)5 _2rubbk |
||
| 801 | 0 |
_aRU _bRKP _c20030402 _gPSBO |
|
| 801 | 1 |
_aRU _bRKP _c20030402 |
|
| 801 | 2 |
_aRU _bNLR _c20030529 _grcr |
|
| 942 | _cBOOK | ||
| 980 | _aNB | ||